| 000 | 00965nam a2200229Ii 4500 | ||
|---|---|---|---|
| 003 | JO-AjNU | ||
| 008 | 230605s9999||||xx |||||||||||||| ||und|| | ||
| 017 | _a2014/10/4937 | ||
| 020 | _a978-9957-81-260-7 | ||
| 040 |
_aJO-AjNU _bara _erda _cJO-AjNU |
||
| 041 | _aara | ||
| 050 | 1 | 4 | _aBP195.5 2015 |
| 100 | 3 |
_aالربايعة، فداء داوود علي , _eauthor _950397 |
|
| 245 | 0 | 0 | _aألفاظ العلاقة الشرعية بين الرجل والمرأة في لغة الحديث الشريف من كتاب النهاية لابن الأثير (دراسة دلالية تحليلية) |
| 250 | _aط1 | ||
| 264 | 3 | 1 | _aعمان: دار جليس الزمان، 2015 |
| 300 |
_a179ص _bالمصادر والمراجع ص 169-179 |
||
| 336 |
_atext _btxt _2rdacontent |
||
| 337 |
_aunmediated _bn _2rdamedia |
||
| 338 |
_avolume _bnc _2rdacarrier |
||
| 650 | 4 |
_aالحديث الشريف- الشريعة الاسلامية- المرأة- الرجل _950398 |
|
| 999 |
_aA22198 _c25766 _d25766 |
||